Movies Quiz

Random Movies Quiz

Jareth's Reply Quiz Stats

 Plays Quiz not verified by Sporcle

Challenge
Share
Tweet
Embed
Score 0/56 Timer 05:00
0 Plays Today
% Correct
I
94.3%
I
94.3%
I
94.3%
I
94.3%
I
94.3%
I
94.3%
I
94.3%
the
87.6%
the
87.6%
and
87.6%
you
83.8%
You
83.8%
You
83.8%
you.
83.8%
have
77.1%
have
77.1%
have
77.1%
have
77.1%
for
73.3%
it
71.4%
that
70.5%
done.
70.5%
that
70.5%
done
70.5%
to
70.5%
that
70.5%
be
69.5%
me;
67.6%
% Correct
Everything!
65.7%
Everything
65.7%
all
65.7%
up
65.7%
asked
63.8%
time.
63.8%
child
61.9%
taken;
61.9%
took
61.9%
him.
61%
your
60%
wanted
59%
world
57.1%
was
55.2%
turned
55.2%
down,
55.2%
am
55.2%
reordered
54.3%
upside
54.3%
living
54.3%
generous?
53.3%
expectations.
51.4%
exhausted
49.5%
frightening.
47.6%
cowered
46.7%
before
46.7%
from
45.7%
Isn't
41.9%

You're not logged in!

Compare scores with friends on all Sporcle quizzes.
OR
Log In

You Might Also Like...

Show Comments

Extras

Top Quizzes Today


Score Distribution

Your Account Isn't Verified!

In order to create a playlist on Sporcle, you need to verify the email address you used during registration. Go to your Sporcle Settings to finish the process.

Report this User

Report this user for behavior that violates our Community Guidelines.

Details: